000 00922nam a2200265Ia 4500
003 OSt
005 20220930072727.0
006 a|||||r|||| 00| 0
007 ta
008 220926b |||||||| |||| 00| 0 eng d
024 _a24847
037 _cTheses
040 _aCRL
_cCRL
_beng
041 _2eng
_aeng
100 _aPanda Samhita
_9530344
110 _aUniversity of Delhi. Faculty of Medical Sciences. Department of Medicine
245 0 _aThrombolysis in elderly patients with acute myocardial infarction - comparative efficacy of 7.5 lakh units vs 1.5 million units of intravenous streptokinase therapy
260 _c1998
300 _a95p.
_ap.
_ccm.
650 _aMEDICINE
700 _a Dr Manorama Gaiha Supervisor
700 _aUniversity of Delhi. Faculty of Medical Sciences. Department of Medicine
942 _cDIS
_2CC
999 _c864249
_d864249